000 00806cam a2200277 4500
001 ABS62056
008 000000n2000 000 0 eng u
035 _a(Sirsi) u105184
245 _aFocus 2000: Lancashire
260 _c2000
490 _aEstates Gazette
_v(0013) 1 April 2000, 153-163(7)
590 _aABS
650 _aPROPERTY-COMMERCIAL PROPERTY-RETAIL PROPERTY-RETAIL PROPERTY MARKET
650 _aPROPERTY-COMMERCIAL PROPERTY-OFFICE PROPERTY-OFFICE PROPERTY MARKET
650 _aLANCASHIRE
650 _aLEISURE MARKET
650 _aPRESTON
650 _aLANCASTER
650 _aBLACKPOOL
650 _aMORECOMBE
650 _aCHORLEY
650 _aBURNLEY
650 _aBRITISH AEROSPACE
690 _aPROPERTY-COMMERCIAL PROPERTY-COMMERCIAL PROPERTY MARKET
942 _n0
999 _c63080
_d63080